00610nam a2200193Ia 4500008004100000020000700041082001700048100001900065245005100084250000700135260004500142300002900187500000700216600003300223650002000256942000700276952011800283999001500401240925s9999 xx 000 0 und d aNA a491.4397 UDB aUrdu Dic Board 2aA Dictionary of urdu on Historical principles  aNA aKarachi:bKarachi Fair Book centc,2004. axvi,281p.bNAfPhotocopy aNA aHumanities & Natural Science aOther languages cBK 001040708HUMaUITUbUITUd2004-04-20eUDBg250.00l0o491.4397 UDBpQ5620r2024-09-25 07:13:55w2024-09-25yBK c8119d8119